000 00335nam a2200133Ia 4500
005 20251222155115.0
008 251222s9999||||xx |||||||||||||| ||spa||
082 _aMAN.99.1-3
100 _aBLOSSIERS Carolina.
245 0 _aFactores determinantes del cancer de la mujer
250 _a1ra. ed.
264 _bMcGraw Hill
942 _cLIB
999 _c38219
_d38219